Communes de + de 20 000 habitants sur une carte - Statistiques

Statistiques générales
  • Ce quiz a été pris 1 420 fois
  • Le résultat moyen est 163 sur 439
Réponses sur la Carte
Les réponses sont colorées sur une échelle allant du rouge au vert en fonction du pourcentage des utilisateurs qui les ont devinées à leur premier essai. Vous pouvez retrouver ces pourcentages ci-dessous.
 
Statistiques - réponses
Réponse % Correct
Brest
89%
Paris
89%
Marseille
88%
Lyon
87%
Strasbourg
87%
Bordeaux
86%
Lille
86%
Nantes
86%
Nice
86%
Rennes
86%
Toulouse
85%
Le Havre
82%
Montpellier
82%
Caen
81%
Dijon
81%
La Roche-sur-Yon
81%
Quimper
81%
Metz
80%
Nancy
80%
Rouen
80%
Saint-Étienne
80%
Clermont-Ferrand
79%
La Rochelle
79%
Toulon
79%
Perpignan
78%
Ajaccio
77%
Angers
77%
Annecy
77%
Grenoble
77%
Nîmes
77%
Orléans
77%
Pau
77%
Reims
77%
Tours
77%
Valence
77%
Bastia
76%
Dunkerque
76%
Le Mans
76%
Saint-Malo
76%
Vannes
76%
Amiens
75%
Bourg-en-Bresse
75%
Calais
75%
Colmar
75%
Limoges
75%
Aix-en-Provence
74%
Cannes
74%
Lorient
74%
Mulhouse
74%
Poitiers
74%
Bayonne
73%
Cherbourg-en-Cotentin
73%
Avignon
72%
Besançon
72%
Villeurbanne
72%
Biarritz
71%
Troyes
71%
Versailles
71%
Belfort
70%
Carcassonne
70%
Roubaix
70%
Auxerre
69%
Chambéry
69%
Saint-Denis
69%
Saint-Nazaire
69%
Béziers
67%
Chartres
67%
Laval
67%
Lens
67%
Narbonne
67%
Saint-Brieuc
67%
Bourges
66%
Châlons-en-Champagne
66%
Gap
66%
Charleville-Mézières
65%
Niort
65%
Angoulême
64%
Beauvais
64%
Châteauroux
64%
Évreux
64%
Arras
63%
Blois
63%
Évry-Courcouronnes
63%
Rodez
63%
Tourcoing
63%
Albi
62%
Arles
62%
Épinal
62%
Tarbes
62%
Boulogne-Billancourt
61%
Boulogne-sur-Mer
61%
Mâcon
61%
Menton
61%
Montauban
61%
Mont-de-Marsan
61%
Nanterre
61%
Nevers
61%
Melun
60%
Périgueux
60%
Valenciennes
60%
Agen
59%
Aurillac
59%
Alençon
58%
Antibes
58%
Dax
58%
Sète
58%
Saint-Quentin
57%
Laon
56%
Orange
56%
Thonon-les-Bains
56%
Dieppe
55%
Hyères
55%
Vichy
55%
Auch
54%
Créteil
54%
Mérignac
54%
Montélimar
54%
Brive-la-Gaillarde
52%
Cergy
52%
Ivry-sur-Seine
52%
Alès
51%
Castres
51%
Fréjus
51%
Les Sables-d'Olonne
51%
Meaux
51%
Roanne
51%
Cholet
50%
Montreuil
50%
Argenteuil
49%
Bobigny
49%
Douai
49%
Dreux
49%
Montbéliard
49%
Saintes
49%
Aubervilliers
48%
Chaumont
48%
Compiègne
48%
Millau
48%
Montluçon
48%
Neuilly-sur-Seine
48%
Vienne
48%
Aix-les-Bains
47%
Beaune
47%
Fontaine
47%
Grasse
47%
Istres
47%
Pontoise
47%
Vénissieux
47%
Clichy
46%
Issy-les-Moulineaux
46%
Annemasse
45%
Bergerac
45%
Draguignan
45%
Fougères
45%
Saint-Raphaël
45%
Sens
45%
Thionville
45%
Chalon-sur-Saône
44%
Mantes-la-Jolie
44%
Martigues
44%
Pessac
44%
Rochefort
44%
Vitry-sur-Seine
44%
Levallois-Perret
43%
Libourne
43%
Villeneuve-d'Ascq
43%
Abbeville
42%
Antony
42%
Dole
42%
Agde
41%
Aubagne
41%
Blagnac
41%
Cambrai
41%
Creil
41%
Orly
41%
Soissons
41%
Vierzon
41%
Villefranche-sur-Saône
41%
Vincennes
41%
Carpentras
40%
Sarcelles
40%
Saumur
40%
Aulnay-sous-Bois
39%
Drancy
39%
Lisieux
39%
Colombes
38%
Forbach
38%
Haguenau
38%
La Seyne-sur-Mer
38%
Oyonnax
38%
Rambouillet
38%
Saint-Dizier
38%
Asnières-sur-Seine
37%
Bron
37%
Échirolles
37%
Massy
37%
Pantin
37%
Saint-Germain-en-Laye
37%
Saint-Ouen-sur-Seine
37%
Béthune
36%
Courbevoie
36%
Montrouge
36%
Rueil-Malmaison
36%
Salon-de-Provence
36%
Sarreguemines
36%
Épernay
35%
Étampes
35%
Maubeuge
35%
Villejuif
35%
Châtellerault
34%
Palaiseau
34%
Romans-sur-Isère
34%
Anglet
33%
Cagnes-sur-Mer
33%
Joué-lès-Tours
33%
Marignane
33%
Bondy
32%
Champigny-sur-Marne
32%
La Ciotat
32%
Puteaux
32%
Saint-Maur-des-Fossés
32%
Vaulx-en-Velin
32%
Le Creusot
31%
Rezé
31%
Muret
30%
Poissy
30%
Saint-Herblain
30%
Saint-Louis
30%
Saint-Priest
30%
Sevran
30%
Clamart
29%
Gennevilliers
29%
La Courneuve
29%
Nogent-sur-Marne
29%
Noisy-le-Grand
29%
Talence
29%
Trappes
29%
Bagnolet
28%
Bourgoin-Jallieu
28%
Caluire-et-Cuire
28%
La Teste-de-Buch
28%
Malakoff
28%
Manosque
28%
Bègles
27%
Maisons-Alfort
27%
Saint-Cloud
27%
Schiltigheim
27%
Vitrolles
27%
Lunel
26%
Meudon
26%
Suresnes
26%
Torcy
26%
Vanves
26%
Chelles
25%
Le Blanc-Mesnil
25%
Le Grand-Quevilly
25%
Les Lilas
25%
Villeneuve-sur-Lot
25%
Alfortville
24%
Cavaillon
24%
Colomiers
24%
Le Cannet
24%
Neuilly-sur-Marne
24%
Noisy-le-Sec
24%
Saint-Chamond
24%
Vandoeuvre-lès-Nancy
24%
Voiron
24%
Bois-Colombes
23%
Corbeil-Essonnes
23%
Épinay-sur-Seine
23%
Hénin-Beaumont
23%
Le Petit-Quevilly
23%
Sartrouville
23%
Bagneux
22%
Saint-Martin-d'Hères
22%
Châtillon
21%
Le Kremlin-Bicêtre
21%
Oullins
21%
Rosny-sous-Bois
21%
Saint-Laurent-du-Var
21%
Saint-Mandé
21%
Sèvres
21%
Vernon
21%
Armentières
20%
Cachan
20%
Choisy-le-Roi
20%
Fontenay-sous-Bois
20%
Lanester
20%
L'Haÿ-les-Roses
20%
Liévin
20%
Marcq-en-Barœul
20%
Saint-Étienne-du-Rouvray
20%
Tremblay-en-France
20%
Arcueil
19%
Grigny
19%
Illkirch-Graffenstaden
19%
Meyzieu
19%
Montigny-lès-Metz
19%
Orvault
19%
Stains
19%
Villepinte
19%
Wattrelos
19%
Bourg-la-Reine
18%
Challans
18%
Chatou
18%
Décines-Charpieu
18%
Frontignan
18%
Garges-lès-Gonesse
18%
Gonesse
18%
Hazebrouck
18%
La Garenne-Colombes
18%
Les Mureaux
18%
Mantes-la-Ville
18%
Olivet
18%
Plaisir
18%
Pontault-Combault
18%
Rillieux-la-Pape
18%
Tournefeuille
18%
Charenton-le-Pont
17%
Hérouville-Saint-Clair
17%
Mandelieu-la-Napoule
17%
Miramas
17%
Neuilly-Plaisance
17%
Romainville
17%
Sotteville-lès-Rouen
17%
Tassin-la-Demi-Lune
17%
Villeneuve-Saint-Georges
17%
Clichy-sous-Bois
16%
Conflans-Sainte-Honorine
16%
Fresnes
16%
Gagny
16%
Houilles
16%
Montfermeil
16%
Saint-Sébastien-sur-Loire
16%
Six-Fours-les-Plages
16%
Thiais
16%
Allauch
15%
Brétigny-sur-Orge
15%
Chaville
15%
Grande-Synthe
15%
Les Ulis
15%
Loos
15%
Maisons-Laffitte
15%
Sainte-Foy-lès-Lyon
15%
Saint-Médard-en-Jalles
15%
Vertou
15%
Yerres
15%
Cenon
14%
Cournon-d'Auvergne
14%
Croix
14%
Fleury-les-Aubrais
14%
Goussainville
14%
Gujan-Mestras
14%
Pertuis
14%
Ris-Orangis
14%
Savigny-sur-Orge
14%
Sucy-en-Brie
14%
Villemomble
14%
Villenave-d'Ornon
14%
Villeneuve-la-Garenne
14%
Viry-Châtillon
14%
Wasquehal
14%
Athis-Mons
13%
Castelnau-le-Lez
13%
Châtenay-Malabry
13%
Fontenay-aux-Roses
13%
Franconville
13%
Gif-sur-Yvette
13%
Gradignan
13%
Le Plessis-Robinson
13%
Livry-Gargan
13%
Lormont
13%
Mons-en-Barœul
13%
Montigny-le-Bretonneux
13%
Nogent-sur-Oise
13%
Pierrefitte-sur-Seine
13%
Vallauris
13%
Champs-sur-Marne
12%
Gardanne
12%
La Madeleine
12%
La Valette-du-Var
12%
Montereau-Fault-Yonne
12%
Montmorency
12%
Saint-Genis-Laval
12%
Villeparisis
12%
Villiers-le-Bel
12%
Bezons
11%
Eaubonne
11%
Ermont
11%
Guyancourt
11%
Herblay-sur-Seine
11%
Lambersart
11%
Le Perreux-sur-Marne
11%
Les Pennes-Mirabeau
11%
Roissy-en-Brie
11%
Savigny-le-Temple
11%
Vélizy-Villacoublay
11%
Coudekerque-Branche
10%
Couëron
10%
Draveil
10%
Élancourt
10%
La Garde
10%
Le Bouscat
10%
Le Chesnay-Rocquencourt
10%
Longjumeau
10%
Sainte-Geneviève-des-Bois
10%
Villiers-sur-Marne
10%
Achères
9%
Bruay-la-Buissière
9%
Bussy-Saint-Georges
9%
Chemillé-en-Anjou
9%
Eysines
9%
La Celle-Saint-Cloud
9%
Lagny-sur-Marne
9%
Les Pavillons-sous-Bois
9%
Saint-Jean-de-Braye
9%
Saint-Ouen-l'Aumône
9%
Sannois
9%
Villeneuve-le-Roi
9%
Beaupréau-en-Mauges
8%
Brunoy
8%
Combs-la-Ville
8%
Cormeilles-en-Parisis
8%
Dammarie-les-Lys
8%
Deuil-la-Barre
8%
Halluin
8%
Limeil-Brévannes
8%
Montaigu-Vendée
8%
Montgeron
8%
Ozoir-la-Ferrière
8%
Saint-Gratien
8%
Sèvremoine
8%
Vigneux-sur-Seine
8%
Chilly-Mazarin
7%
Le Mée-sur-Seine
7%
Le Plessis-Trévise
7%
Taverny
7%
Montigny-lès-Cormeilles
5%
Morsang-sur-Orge
5%
Aucun quiz correspondant
Distribution des résultats
% des personnes avec chaque résultat
Percentile par nombre de réponses
Votre historique - résultats
Vous n’avez pas pris ce quiz